| 000 | 00661nam a2200241Ia 4500 | ||
|---|---|---|---|
| 005 | 20260430150643.0 | ||
| 008 | 008 250103s9999 xx 000 0 eng d | ||
| 037 | _aTheses | ||
| 040 | _aCRL | ||
| 040 | _beng | ||
| 040 | _ceng | ||
| 041 | _2eng | ||
| 041 | _aeng | ||
| 084 | _qCRL | ||
| 100 |
_aVijayakrishnavelan K. Au.; D. Uma Devi Gu. _91238116 |
||
| 245 | 0 | _aKula Puranams (Clan Myths) of Kongu Vellalars – An Analytical Study | |
| 260 | _c2023 | ||
| 300 | _a205p. | ||
| 650 | _aArts | ||
| 700 | _aUniversity of Delhi. Faculty of Arts. Deptt. of Modern Indian Languages and Literary Studies | ||
| 942 | _cTH | ||
| 999 |
_c1850308 _d1850308 |
||